000 00411nam a2200181Ia 4500
001 14121
005 20260306164851.0
008 260306t1996||||xx |||||||||||||| ||spa||
041 _aESP
082 _a500
_bS29
100 _aSchifter, Isaac,
_eAUT
245 0 _aLa ciencia del caos
260 _c1996
300 _a106 páginas :
_c22 cm.
650 _aGEN
654 _aCCN
942 _cLIB
_dJUS
_fJUS
_2ddc
_n
999 _c14121
_d14121